000 01149cad a22002295a 4500
001 L144155
008 080624s2008 xxkad f s 000 0 eng d
035 _a(Sirsi) u144155
041 0 _aeng
050 0 4 _a333.337 $2 18
110 2 _aSavills
_92020
245 0 0 _aSavills UK commercial development activity PMI
_bJune 2008
_h[electronic resource]
260 _aLondon
_bSavills
_c2008
490 0 _aSavills UK Commercial Development Activity PMI
_vJune 2008
520 _aReports a further sharp fall in overall commercial development, especially in the private office sector. The Total Commercial Development Activity index rose to -19.7% in May, from -20.8% in April. This figure is the second lowest in the survey's history. In May, the Future Activity index was -30.1%, slightly higher than the previous month.
590 _aKA
650 2 4 _aSAVILLS UK COMMERCIAL DEVELOPMENT ACTIVITY PMI
651 4 _aUnited Kingdom
_y
690 _aPROPERTY-COMMERCIAL PROPERTY-COMMERCIAL PROPERTY MARKET
856 4 0 _uhttps://www.savills.com/
_zView this report free of charge following registration under research at www.savills.com...
942 _n0
999 _c108392
_d108392